Vainqueurs en Coupe du Monde de cyclocross 2022-2023 (femmes) - Statistiques

Statistiques générales
  • Ce quiz a été pris 16 fois
    14 depuis la dernière actualisation
  • Le résultat moyen est 13 sur 14
Statistiques - réponses
Hint Réponse % Correct
Waterloo (USA) Fem Van Empel
100%
Fayetteville (USA) Fem Van Empel
100%
Tabor (CZE) Fem Van Empel
100%
Maasmechelen (BEL) Fem Van Empel
100%
Antwerpen (BEL) Fem Van Empel
100%
Dublin (IRL) Fem Van Empel
100%
Benidorm (ESP) Fem Van Empel
91%
Overijse (BEL) Puck Pieterse
91%
Hulst (NLD) Puck Pieterse
91%
Val Di Sole (ITA) Puck Pieterse
91%
Besançon (FRA) Puck Pieterse
91%
Beekse Bergen (NLD) Shirin Van Anrooij
73%
Gavere (BEL) Shirin Van Anrooij
73%
Zonhoven (BEL) Shirin Van Anrooij
73%
Aucun quiz correspondant
Distribution des résultats
% des personnes avec chaque résultat
Percentile par nombre de réponses
Votre historique - résultats
Vous n’avez pas pris ce quiz depuis la dernière actualisation